书目信息 |
| 题名: |
通用信息基础
|
|
| 作者: | 崔艳萍 主编 | |
| 分册: | ||
| 出版信息: | 上海 上海交通大学出版社 2019.6 |
|
| 页数: | 292页 | |
| 开本: | 29cm | |
| 丛书名: | ||
| 单 册: | ||
| 中图分类: | G202 | |
| 科图分类: | ||
| 主题词: | 信息技术--高等教育--教材 | |
| 电子资源: | ||
| ISBN: | 978-7-313-21352-5 | |
| 000 | 01204nam0 2200289 45 | |
| 001 | 012001004125 | |
| 005 | 20140926141129.0 | |
| 010 | @a978-7-313-21352-5@dCNY39.80 | |
| 099 | @aCAL 012019123227 | |
| 100 | @a20190806d2019 em y0chiy0110 ea | |
| 101 | 0 | @achi |
| 102 | @aCN@b310000 | |
| 105 | @aa a 000yy | |
| 106 | @ar | |
| 200 | 1 | @a通用信息基础@Atong yong xin xi ji chu@d= Information technology basics@f主编崔艳萍@zeng |
| 210 | @a上海@c上海交通大学出版社@d2019.6 | |
| 215 | @a292页@c图@d29cm | |
| 300 | @a“十三五”普通高等教育规划教材 | |
| 300 | @a并列题名:Information technology basics | |
| 320 | @a有书目 (第291-292页) | |
| 330 | @a本书内容主要包括信息技术探知、计算机维护、日常文档处理、高效数据处理、演示文稿设计、网络基础知识与维护六个教学情境,涵盖了日常办公、计算机与网络的使用与维护等常用功能模块。书中根据相关岗位创设相关情境,采用项目任务引导教学,注重技能训练,内容贴近工作岗位需求,同时每个任务设置了相关知识模块,介绍许多与本任务相关的知识点。 | |
| 510 | 1 | @aInformation technology basics@zeng |
| 606 | 0 | @a信息技术@x高等教育@j教材 |
| 690 | @aG202@v5 | |
| 701 | 0 | @a崔艳萍@Acui yan ping@4主编 |
| 801 | @aCN@bAHXH@c20210922 | |
| 905 | @b1329521-5@dG202@e1019@f5 | |
| 通用信息基础= Information technology basics/主编崔艳萍.-上海:上海交通大学出版社,2019.6 |
| 292页:图;29cm |
| “十三五”普通高等教育规划教材.-并列题名:Information technology basics |
| ISBN 978-7-313-21352-5:CNY39.80 |
| 本书内容主要包括信息技术探知、计算机维护、日常文档处理、高效数据处理、演示文稿设计、网络基础知识与维护六个教学情境,涵盖了日常办公、计算机与网络的使用与维护等常用功能模块。书中根据相关岗位创设相关情境,采用项目任务引导教学,注重技能训练,内容贴近工作岗位需求,同时每个任务设置了相关知识模块,介绍许多与本任务相关的知识点。 |
| ● |
| 相关链接 |
|
|
|
|
正题名:通用信息基础
索取号:G202/1019
 
预约/预借
| 序号 | 登录号 | 条形码 | 馆藏地/架位号 | 状态 | 备注 |
| 1 | 1329521 | 213295218 | 第一样本阅览室/ [索取号:G202/1019] | 在馆 | |
| 2 | 1329522 | 213295227 | 教育系资料室/ [索取号:G202/1019] | 在馆 | |
| 3 | 1329523 | 213295236 | 教育系资料室/ [索取号:G202/1019] | 在馆 | |
| 4 | 1329524 | 213295245 | 第四借阅区/ [索取号:G202/1019] | 在馆 | |
| 5 | 1329525 | 213295254 | 第四借阅区/ [索取号:G202/1019] | 在馆 |